| 000 | 00403nam a2200157Ia 4500 | ||
|---|---|---|---|
| 003 | Ost | ||
| 005 | 20260225132539.0 | ||
| 008 | 260225s9999||||xx |||||||||||||| ||und|| | ||
| 040 | _cfsic | ||
| 041 | _afre | ||
| 082 | _a303.4 | ||
| 100 |
_aRobert chesnais _eAuteur |
||
| 245 | 0 | _aMédias et politique.William randolphe hearst à la conquete du pouvoir / | |
| 245 | 0 | _cRobert chesnais | |
| 942 | _cكتاب | ||
| 999 |
_c33411 _d33411 |
||